معجم قواعد اللغة العربية : (Record no. 94745)

MARC details
000 -LEADER
fixed length control field 010350am a2200265 004500
003 - CONTROL NUMBER IDENTIFIER
control field EG-GiCUC
008 - FIXED-LENGTH DATA ELEMENTS--GENERAL INFORMATION
fixed length control field 070414s1992 le a g d 001 0 ara d
040 ## - CATALOGING SOURCE
Original cataloging agency EG-GiCUC
Language of cataloging ara
Transcribing agency EG-GiCUC
050 #4 - LIBRARY OF CONGRESS CALL NUMBER
Classification number PJ6106.
Item number D31 1992
092 04 - LOCALLY ASSIGNED DEWEY CALL NUMBER (OCLC)
Classification number 415.103
Item number D129 1992
Edition number 21
099 ## - LOCAL FREE-TEXT CALL NUMBER (OCLC)
Classification number 04
-- 415.103 D129 1992
100 1# - MAIN ENTRY--PERSONAL NAME
Personal name الدحداح : انطوان
245 10 - TITLE STATEMENT
Title معجم قواعد اللغة العربية :
Remainder of title فى جداول ولوحات /
Statement of responsibility, etc. انطوان الدحداح ؛ راجعة جورج مترى عبد المسيح
250 ## - EDITION STATEMENT
Edition statement ط5 ؛ منقحة و مزودة
260 ## - PUBLICATION, DISTRIBUTION, ETC.
Place of publication, distribution, etc. لبنان :
Name of publisher, distributor, etc. مكتبة لبنان :
Date of publication, distribution, etc. 1992
300 ## - PHYSICAL DESCRIPTION
Extent 335ص :
Other physical details ايض ؛
Dimensions 36سم
500 ## - GENERAL NOTE
General note يشتمل على كشافات
504 ## - BIBLIOGRAPHY, ETC. NOTE
Bibliography, etc. note يشتمل على ارجاعات ببليوجرافية (ص322-324)
650 #7 - SUBJECT ADDED ENTRY--TOPICAL TERM
Topical term or geographic name entry element اللغة العربية
General subdivision النحو
Form subdivision معاجم
Source of heading or term qrmak
700 1# - ADDED ENTRY--PERSONAL NAME
Personal name عبد المسيح : جورج مترى
902 ## - LOCAL DATA ELEMENT B, LDB (RLIN)
No. of Items 1
905 ## - LOCAL DATA ELEMENT E, LDE (RLIN)
Cataloger امنية
Reviser مدخل
905 ## - LOCAL DATA ELEMENT E, LDE (RLIN)
Cataloger رضا
Reviser مراجع
942 ## - ADDED ENTRY ELEMENTS (KOHA)
Source of classification or shelving scheme Dewey Decimal Classification
Koha item type Reference
Holdings
Source of classification or shelving scheme Not for loan Home library Current library Date acquired Full call number Barcode Date last seen Copy number Koha item type
Dewey Decimal Classification   المكتبة المركزبة الجديدة - جامعة القاهرة قاعة المراجع - الدور الثاني 11.02.2024 415.103 D129 1992 01000100097959000 22.09.2023 C.1 Reference
Cairo University Libraries Portal Implemented & Customized by: Eng. M. Mohamady Contacts: new-lib@cl.cu.edu.eg | cnul@cl.cu.edu.eg
CUCL logo CNUL logo
© All rights reserved — Cairo University Libraries
CUCL logo
Implemented & Customized by: Eng. M. Mohamady Contact: new-lib@cl.cu.edu.eg © All rights reserved — New Central Library
CNUL logo
Implemented & Customized by: Eng. M. Mohamady Contact: cnul@cl.cu.edu.eg © All rights reserved — Cairo National University Library